[Event "IECC O email"]
[Site "IECC email"]
[Date "1999.05.04"]
[Round "?"]
[White "Ross, Gregory"]
[Black "Robkin, Jeremy"]
[Result "1-0"]
[WhiteElo "1628"]
[BlackElo "1700"]
[PlyCount "33"]
[EventDate "1999.??.??"]
[EventType "tourn (corr)"]
[EventRounds "6"]
[SourceTitle "Corr 2008"]
[Source "ChessBase"]
[SourceDate "2008.06.24"]
[SourceVersion "1"]
[SourceVersionDate "2008.06.24"]
[SourceQuality "1"]

1. d4 Nf6 2. c4 g6 3. Nc3 Bg7 4. e4 d6 5. g3 0-0 6. Bg2 c6 7. Nge2 Na6 8. 0-0 e5 9. b3 exd4 10. Nxd4 Re8 11. Re1 Nc5 12. Bg5 Qb6 13. Qd2 Nfxe4 14. Bxe4 Nxe4 15. Nxe4 Rxe4 16. Rxe4 Bh3 17. Rae1 1-0